भवानी प्रसाद मिश्र / (Record no. 113428)

MARC details
000 -LEADER
fixed length control field 01105nam a22002537a 4500
005 - DATE AND TIME OF LATEST TRANSACTION
control field 20170124102953.0
010 ## - LIBRARY OF CONGRESS CONTROL NUMBER
LC control number A-363670
020 ## - INTERNATIONAL STANDARD BOOK NUMBER
Terms of availability 80.00
035 ## - SYSTEM CONTROL NUMBER
System control number A-363670
037 ## - SOURCE OF ACQUISITION
Source of stock number/acquisition Cen Lib/Ret
040 ## - CATALOGING SOURCE
Original cataloging agency DPL
Language of cataloging HN
082 ## - DEWEY DECIMAL CLASSIFICATION NUMBER
Classification number 821.08
Item number भवानी
245 ## - TITLE STATEMENT
Title भवानी प्रसाद मिश्र /
Statement of responsibility, etc सम्पादक सुरेश चन्द्र त्यागी
246 ## - VARYING FORM OF TITLE
Title proper/short title Bhavani Prasad Mishra /
Remainder of title edited by Suresh Chandra Tyagi
260 ## - PUBLICATION, DISTRIBUTION, ETC. (IMPRINT)
Place of publication, distribution, etc सहारनपुर
Name of publisher, distributor, etc आशिर प्रकाशन
Date of publication, distribution, etc 1988
270 ## - ADDRESS
Address रामजीवननगर, चिलकाना रोड
City सहारनपुर
Postal code 247001
300 ## - PHYSICAL DESCRIPTION
Extent xv,258पृ.
Dimensions 21सेमी (सजिल्द)
650 ## - SUBJECT ADDED ENTRY--TOPICAL TERM
Topical term or geographic name as entry element हिन्दी -- साहित्य
9 (RLIN) 52196
650 ## - SUBJECT ADDED ENTRY--TOPICAL TERM
Topical term or geographic name as entry element हिन्दी -- कविताएँ
9 (RLIN) 52197
650 ## - SUBJECT ADDED ENTRY--TOPICAL TERM
Topical term or geographic name as entry element Hindi - literature
9 (RLIN) 52198
650 ## - SUBJECT ADDED ENTRY--TOPICAL TERM
Topical term or geographic name as entry element Hindi -- Poems
9 (RLIN) 52199
700 ## - ADDED ENTRY--PERSONAL NAME
Personal name त्यागी, सुरेश चन्द्र
9 (RLIN) 44834
942 ## - ADDED ENTRY ELEMENTS (KOHA)
Source of classification or shelving scheme Dewey Decimal Classification
Koha item type Hindi Books
Classification part 821.08
Call number suffix भवानी
Holdings
Withdrawn status Lost status Damaged status Not for loan Home library Current library Date acquired Source of acquisition Cost, normal purchase price Total Checkouts Full call number Barcode Date last seen Copy number Cost, replacement price Price effective from Koha item type
        Central Library Central Library 12/08/2015 Cen Lib/Ret 80.00   821.08 भवानी A-363670 12/08/2015 1 80.00 12/08/2015 Hindi Books

© Delhi Public Library
Hit Counter
free hit counter